| 000 | 00419 a2200145 4500 | ||
|---|---|---|---|
| 005 | 20250628070341.0 | ||
| 020 | _a13: 978-0-07-342848-9 | ||
| 082 | _a658.05 ANN | ||
| 100 | _aANNUAL EDITION, COMPUTERS IN SOCIETY, | ||
| 245 | _aAnnual Edition, Computers in Society, | ||
| 250 | _a4th Ed. | ||
| 260 |
_aNew York, _bMcGraw-Hill Companies, _c2008. |
||
| 300 |
_axvi,; 220p:ill,; picture, _bIndex, _c27cm. |
||
| 942 |
_2ddc _cBKS |
||
| 999 |
_c5831 _d5831 |
||